[Event "FSV-ch 2010"]
[Site "Dortmund"]
[Date "2010.04.15"]
[Round "1.1"]
[White "Zelt, Jens"]
[Black "Haufe, Sven"]
[Result "1-0"]
[WhiteElo "2011"]
[BlackElo "1421"]
[PlyCount "63"]
[EventDate "2010.??.??"]

1. d4 d5 2. Nf3 c5 3. c3 e6 4. Bf4 Nf6 5. e3 Nc6 6. Nbd2 cxd4 7. exd4 Bd6 8.
Bg3 a6 9. a4 O-O 10. Bd3 a5 11. Ne5 Qc7 12. f4 b6 13. Qe2 Bb7 14. O-O Nb8 15.
Rae1 Ba6 16. Bxa6 Nxa6 17. f5 exf5 18. Rxf5 Nb8 19. Qf3 Nbd7 20. Nxd7 Qxd7 21.
Bh4 Ne4 22. Nxe4 dxe4 23. Rxe4 Qxa4 24. Re1 Qd7 25. Rf1 Ra7 26. h3 Re8 27. Kh1
a4 28. Qd5 Bf8 29. Qc4 Rc8 30. Rxf7 Qxf7 31. Rxf7 Rxc4 32. Rxa7 1-0

[Event "FSV-ch 2010"]
[Site "Dortmund"]
[Date "2010.04.15"]
[Round "1.2"]
[White "Gennat, Egon L"]
[Black "Borjini, Mohamed"]
[Result "0-1"]
[WhiteElo "1396"]
[BlackElo "1979"]
[PlyCount "62"]
[EventDate "2010.??.??"]

1. d4 Nf6 2. Nf3 g6 3. c4 Bg7 4. Nc3 O-O 5. e4 d6 6. Bd3 Nbd7 7. O-O e5 8. d5
a5 9. Bg5 h6 10. Be3 Ng4 11. Bd2 Nc5 12. Bc2 f5 13. h3 Nf6 14. exf5 Bxf5 15.
Be3 Nfd7 16. Qd2 Qf6 17. Bxh6 Bxh6 18. Qxh6 Bxc2 19. Ng5 Qg7 20. Qxg7+ Kxg7 21.
a3 Kh6 22. f4 Bd3 23. Rfe1 Bxc4 24. Rad1 Rxf4 25. g3 Rf5 26. Nce4 Rxg5 27. Nxg5
Kxg5 28. b4 axb4 29. axb4 Nd3 30. Re4 b5 31. Rf1 Rf8 0-1

[Event "FSV-ch 2010"]
[Site "Dortmund"]
[Date "2010.04.15"]
[Round "1.3"]
[White "Begna, Bozidar"]
[Black "Raabe, Hans-Ulrich"]
[Result "1-0"]
[WhiteElo "1978"]
[BlackElo "1394"]
[PlyCount "75"]
[EventDate "2010.??.??"]

1. Nf3 Nf6 2. g3 g6 3. Bg2 Bg7 4. Nc3 d6 5. e4 Nc6 6. d4 O-O 7. h3 e5 8. dxe5
dxe5 9. Qxd8 Rxd8 10. Be3 Be6 11. b3 Nd4 12. O-O-O Nxf3 13. Bxf3 c6 14. Rxd8+
Rxd8 15. Bxa7 Bh6+ 16. Kb2 Bf8 17. Be3 b5 18. g4 Nd7 19. h4 Be7 20. g5 Bc5 21.
Bxc5 Nxc5 22. Rd1 Rxd1 23. Nxd1 f6 24. Ne3 fxg5 25. hxg5 Kg7 26. Kc3 Na6 27.
Bg4 b4+ 28. Kd2 Nc5 29. f3 Kf7 30. c3 bxc3+ 31. Kxc3 Nd7 32. a4 Bxg4 33. Nxg4
Ke7 34. a5 Kd6 35. Kc4 Kc7 36. b4 Kd6 37. b5 cxb5+ 38. Kxb5 1-0

[Event "FSV-ch 2010"]
[Site "Dortmund"]
[Date "2010.04.15"]
[Round "1.4"]
[White "Beckers, Jürgen"]
[Black "Kropp, Andreas J"]
[Result "0-1"]
[WhiteElo "1381"]
[BlackElo "1937"]
[PlyCount "44"]
[EventDate "2010.??.??"]

1. e4 c5 2. Nf3 e6 3. c4 Nc6 4. Be2 Nf6 5. Nc3 d5 6. exd5 exd5 7. d4 cxd4 8.
Nxd4 Bc5 9. Nxc6 bxc6 10. O-O d4 11. Na4 Be7 12. Bf3 Qd7 13. c5 O-O 14. b4 Ba6
15. Re1 Rad8 16. Nb2 Nd5 17. Qb3 Bf6 18. Bxd5 Qxd5 19. Qxd5 Rxd5 20. Na4 Bb5
21. Nb2 d3 22. Rd1 d2 0-1

[Event "FSV-ch 2010"]
[Site "Dortmund"]
[Date "2010.04.15"]
[Round "1.5"]
[White "Borjini, Faouzi"]
[Black "Vogt, Christian"]
[Result "1-0"]
[WhiteElo "1915"]
[BlackElo "1374"]
[PlyCount "53"]
[EventDate "2010.??.??"]

1. d4 d5 2. c4 e6 3. Nf3 Nf6 4. Bg5 Be7 5. Nc3 O-O 6. e3 h6 7. Bh4 b6 8. cxd5
Nxd5 9. Bxe7 Qxe7 10. e4 Nxc3 11. bxc3 Bb7 12. Bd3 c5 13. O-O Nd7 14. Qe2 Rfd8
15. a4 Nf8 16. a5 Ng6 17. Qe3 cxd4 18. cxd4 Rac8 19. axb6 axb6 20. Ra7 Rc7 21.
Rb1 Bc6 22. Ra6 b5 23. Rb6 Qa3 24. d5 exd5 25. exd5 Rxd5 26. Rb8+ Nf8 27. Bh7+
1-0

[Event "FSV-ch 2010"]
[Site "Dortmund"]
[Date "2010.04.15"]
[Round "1.6"]
[White "Skalweit, Wolfgang"]
[Black "Morawietz, Manuel"]
[Result "0-1"]
[WhiteElo "1367"]
[BlackElo "1891"]
[PlyCount "98"]
[EventDate "2010.??.??"]

1. f4 d5 2. Nf3 c5 3. e3 Nc6 4. Be2 Nf6 5. d3 e6 6. O-O Be7 7. Qd2 O-O 8. b3
Qc7 9. Bb2 Rd8 10. Na3 a6 11. c4 d4 12. exd4 cxd4 13. Nc2 Qb6 14. Ne5 Nb4 15.
Ne1 Bd7 16. N1f3 Bc6 17. a3 Bxf3 18. Bxf3 Nc6 19. b4 Ne8 20. c5 Qc7 21. Rae1
Bf6 22. Nxc6 bxc6 23. Re4 Rab8 24. Qf2 e5 25. Bc1 a5 26. Qd2 axb4 27. axb4 exf4
28. Qb2 Be5 29. Rfe1 f6 30. Qe2 g6 31. Kh1 Ng7 32. Bxf4 Bxf4 33. Re7 Rd7 34.
Qa2+ Kh8 35. Qf7 Rxe7 36. Rxe7 Qxe7 37. Qxe7 Re8 38. Qxe8+ Nxe8 39. Bxc6 Nc7
40. b5 Ne6 41. b6 Nxc5 42. Bb5 Kg7 43. Kg1 Kf8 44. Kf2 Ke7 45. Kf3 Be5 46. Ke2
Bxh2 47. Bc6 Kd6 48. Ba8 Kd7 49. Bf3 Bg3 0-1

[Event "FSV-ch 2010"]
[Site "Dortmund"]
[Date "2010.04.15"]
[Round "1.7"]
[White "Hillebrand, Carsten"]
[Black "Hübel, Carsten"]
[Result "1-0"]
[WhiteElo "1877"]
[BlackElo "1353"]
[PlyCount "23"]
[EventDate "2010.??.??"]

1. c4 c5 2. g3 g6 3. Bg2 Bg7 4. Nc3 Nf6 5. Nf3 Nc6 6. d4 Nxd4 7. Nxd4 cxd4 8.
Qxd4 O-O 9. O-O Rb8 10. Qxa7 Qc7 11. Nb5 Qxc4 12. a4 1-0

[Event "FSV-ch 2010"]
[Site "Dortmund"]
[Date "2010.04.15"]
[Round "1.8"]
[White "Röll, Uwe"]
[Black "Jost, Udo"]
[Result "1-0"]
[WhiteElo "1339"]
[BlackElo "1770"]
[PlyCount "79"]
[EventDate "2010.??.??"]

1. e4 c5 2. Nf3 e6 3. Be2 Qc7 4. Nc3 a6 5. d4 cxd4 6. Nxd4 Bc5 7. Nb3 Ba7 8. g3
Nc6 9. Bf4 Ne5 10. O-O Ne7 11. a4 N7g6 12. Bd2 b6 13. f4 Nc4 14. f5 Nge5 15.
fxe6 dxe6 16. Bf4 Nxb2 17. Nd5 exd5 18. Qxd5 b5+ 19. Kg2 O-O 20. Bxe5 Qxc2 21.
Rxf7 Qxe2+ 22. Rf2+ Kh8 23. Rxe2 Nc4 24. axb5 Ne3+ 25. Rxe3 Bxe3 26. Rf1 Rg8
27. bxa6 Bh6 28. Nc5 Bg4 29. Rf7 Rgd8 30. Rd7 Bxd7 31. Nxd7 Rxa6 32. Bd4 Bc1
33. e5 Rc8 34. h4 h5 35. e6 Rc2+ 36. Kh3 Bh6 37. e7 Rc8 38. Qxh5 Re6 39. Qf7
Re2 40. Qf8+ 1-0

[Event "FSV-ch 2010"]
[Site "Dortmund"]
[Date "2010.04.15"]
[Round "1.9"]
[White "Stukemeier, Ralf"]
[Black "Tekin, Baran"]
[Result "1-0"]
[WhiteElo "1756"]
[BlackElo "1336"]
[PlyCount "79"]
[EventDate "2010.??.??"]

1. e4 e6 2. d4 d5 3. Nc3 Nf6 4. e5 Nfd7 5. f4 c5 6. Nf3 Nc6 7. Be3 c4 8. Qd2
Bb4 9. Be2 O-O 10. O-O f6 11. a3 Ba5 12. exf6 Nxf6 13. Qd1 a6 14. Kh1 Bc7 15.
Ne5 b5 16. Nxc6 Qe8 17. Ne5 Bd6 18. Rf3 b4 19. axb4 Bxb4 20. Rh3 Bxc3 21. bxc3
Ne4 22. Qe1 Rb8 23. Qh4 h6 24. Bh5 Qd8 25. Qxd8 Rxd8 26. Nc6 Bd7 27. Nxd8 Ba4
28. Nxe6 Bxc2 29. Nc7 Nxc3 30. Bf3 a5 31. Bxd5+ Kh7 32. Bxc4 a4 33. Bd2 Ne4 34.
Be1 a3 35. Rhxa3 Rc8 36. Ba5 Rf8 37. Kg1 Rxf4 38. Bd3 Bxd3 39. Rxd3 Nf2 40. Rf3
1-0

[Event "FSV-ch 2010"]
[Site "Dortmund"]
[Date "2010.04.15"]
[Round "1.10"]
[White "Kirmes, Hans-Uwe"]
[Black "Sonntag, Joachim"]
[Result "0-1"]
[WhiteElo "1335"]
[BlackElo "1745"]
[PlyCount "71"]
[EventDate "2010.??.??"]

1. e4 c5 2. Nf3 Nc6 3. c3 d5 4. e5 Bg4 5. Bb5 e6 6. d4 Qc7 7. Be3 a6 8. Bxc6+
bxc6 9. dxc5 Bxf3 10. Qxf3 Qxe5 11. O-O Nf6 12. Bd4 Qe4 13. Nd2 Qxf3 14. Nxf3
Nd7 15. b4 f6 16. Rfe1 Kf7 17. Be3 e5 18. Nd2 Be7 19. Rad1 a5 20. Nc4 axb4 21.
cxb4 Rxa2 22. Na5 Rc8 23. Ra1 Rxa1 24. Rxa1 d4 25. Bd2 Ra8 26. Rb1 Rc8 27. Ra1
Ke6 28. f3 f5 29. Re1 Kd5 30. Bf4 g5 31. Bd2 h6 32. g3 Rb8 33. Kf2 Bd8 34. Rc1
e4 35. fxe4+ fxe4 36. Nc4 0-1

[Event "FSV-ch 2010"]
[Site "Dortmund"]
[Date "2010.04.15"]
[Round "1.11"]
[White "Raskin, Vitali"]
[Black "Krüger, Inge"]
[Result "1-0"]
[WhiteElo "1738"]
[BlackElo "1328"]
[PlyCount "71"]
[EventDate "2010.??.??"]

1. e4 e6 2. d4 d5 3. exd5 exd5 4. Nf3 Nf6 5. Bd3 Be7 6. O-O O-O 7. b3 c6 8. c4
Nbd7 9. Nc3 Re8 10. Re1 Nf8 11. Ne5 Be6 12. Kh1 Rc8 13. f4 g6 14. c5 b6 15. b4
bxc5 16. bxc5 Rc7 17. Qf3 Qc8 18. Ne2 Ng4 19. Bd2 Nh6 20. Ba5 Rb7 21. Ba6 f6
22. Nd3 Bd8 23. Bxd8 Rxd8 24. Bxb7 Qxb7 25. Rab1 Qc7 26. Ng3 Bg4 27. Qe3 Bd7
28. h3 Qc8 29. Qe7 Nf5 30. Nxf5 Bxf5 31. Rb7 Bd7 32. Rxa7 Re8 33. Qxf6 Rxe1+
34. Nxe1 Qe8 35. Nf3 Ne6 36. Ne5 1-0

[Event "FSV-ch 2010"]
[Site "Dortmund"]
[Date "2010.04.15"]
[Round "1.12"]
[White "Herrmann, Rudolf"]
[Black "Raszelenberg, Patrick"]
[Result "0-1"]
[WhiteElo "1289"]
[BlackElo "1733"]
[PlyCount "86"]
[EventDate "2010.??.??"]

1. d4 Nf6 2. Nf3 g6 3. c4 Bg7 4. Nc3 O-O 5. Bg5 d6 6. e3 Na6 7. h3 c5 8. a3
cxd4 9. Nxd4 Nc7 10. Be2 a6 11. h4 e5 12. Nf3 Ne6 13. Nd5 Nxg5 14. Nxg5 Nxd5
15. Qxd5 h6 16. Ne4 Qb6 17. b4 Rd8 18. O-O Be6 19. Qa5 Qc6 20. f3 b6 21. b5
axb5 (21... Qxe4 $1) 22. Qxb5 Qc7 23. a4 Ra5 24. Qb4 Bf8 25. Nf6+ Kg7 26. Nd5
Bxd5 27. cxd5 Rxd5 28. Bb5 Rc5 29. Rad1 d5 30. Qg4 h5 31. Qg3 Bd6 32. Qh3 f5
33. g4 fxg4 34. fxg4 Qc8 35. Qg2 Qxg4 36. Be2 Qxg2+ 37. Kxg2 Be7 38. Kh3 Rc3
39. Rd3 Rc2 40. Bd1 Rc4 41. Bb3 Rxh4+ 42. Kg3 Rg4+ 43. Kf3 e4+ 0-1

[Event "FSV-ch 2010"]
[Site "Dortmund"]
[Date "2010.04.15"]
[Round "1.13"]
[White "Bommert, Christian"]
[Black "Strotmann, Dieter"]
[Result "1-0"]
[WhiteElo "1682"]
[BlackElo "1269"]
[PlyCount "95"]
[EventDate "2010.??.??"]

1. f4 Nf6 2. Nf3 b6 3. g3 Bb7 4. Bg2 e6 5. O-O Be7 6. d3 d5 7. c3 Nbd7 8. Qc2
h6 9. h3 c5 10. Nbd2 Qc7 11. e4 dxe4 12. dxe4 b5 13. Re1 c4 14. Nf1 Nc5 15. Nd4
a6 16. b3 Nd3 17. Re2 Bc5 18. Kh2 h5 19. bxc4 bxc4 20. Qa4+ Kf8 21. Qxc4 Nxc1
22. Rxc1 Rc8 23. Qd3 e5 24. fxe5 Qxe5 25. Rce1 Rd8 26. Ne6+ Qxe6 27. Qxd8+ Qe8
28. Qc7 Ng4+ 29. hxg4 $2 (29. Kh1) 29... hxg4+ 30. Bh3 Rxh3+ 31. Kg2 Qc8 32.
Qxc8+ Bxc8 33. Rb2 Ke7 34. Ne3 Be6 35. Nd5+ Bxd5 36. exd5+ Kd6 37. c4 Bd4 38.
Rb7 Be5 39. Rxe5 Kxe5 40. Rxf7 Rh6 41. Rxg7 Kf5 42. Re7 Rb6 43. Re2 Rb4 44. c5
Rb5 45. Rc2 Ke5 46. c6 Rb8 47. Rd2 Rb5 48. d6 1-0

[Event "FSV-ch 2010"]
[Site "Dortmund"]
[Date "2010.04.15"]
[Round "1.14"]
[White "Rüttiger, Volker"]
[Black "Campana, Rafael"]
[Result "0-1"]
[WhiteElo "1256"]
[BlackElo "1664"]
[PlyCount "74"]
[EventDate "2010.??.??"]

1. c4 e5 2. Nc3 Nf6 3. Qc2 Nc6 4. g3 a6 5. Bg2 Bc5 6. e3 O-O 7. Nge2 Ne7 8. O-O
c6 9. a3 d5 10. cxd5 Bf5 11. Qd1 cxd5 12. b4 Ba7 13. Bb2 Ng6 14. Rc1 Qd7 15.
Qe1 Rac8 16. Nd1 h5 17. f4 Rxc1 18. Bxc1 e4 19. Bb2 Rc8 20. Bxf6 gxf6 21. Nf2
Kg7 22. Qa1 Rc4 23. Rc1 Rxc1+ 24. Qxc1 h4 25. Qc3 Bb6 26. Nd4 Bg4 27. h3 Bxd4
28. exd4 Be2 29. Qe3 Bb5 30. g4 Qc7 31. f5 Nf4 32. Bf1 Bxf1 33. Kxf1 Qc1+ 34.
Qe1 Qxa3 35. Qe3 Qa1+ 36. Qe1 Qxd4 37. Nd1 Qd3+ 0-1

[Event "FSV-ch 2010"]
[Site "Dortmund"]
[Date "2010.04.15"]
[Round "1.15"]
[White "Krüger, Georg"]
[Black "Hast, Stefan"]
[Result "0-1"]
[WhiteElo "1649"]
[BlackElo "1219"]
[PlyCount "54"]
[EventDate "2010.??.??"]

1. e4 d5 2. exd5 Qxd5 3. Nc3 Qa5 4. d4 c6 5. Bc4 Nf6 6. Nf3 Ne4 7. Ne5 Nxc3 8.
Bxf7+ Kd8 9. Qd2 e6 10. bxc3 g6 11. O-O Nd7 12. Qg5+ Kc7 13. Bf4 Bd6 14. Nc4
Qxg5 15. Bxg5 Nb6 16. Nxb6 axb6 17. Rfe1 Ra5 18. Bd2 Rf5 19. Bxe6 Bxe6 20. Rxe6
Rhf8 21. Re2 Rh5 22. g3 Rhf5 23. f4 h6 24. Re6 g5 25. g4 Rb5 26. fxg5 hxg5 27.
Bxg5 $4 Rxg5 0-1

[Event "FSV-ch 2010"]
[Site "Dortmund"]
[Date "2010.04.15"]
[Round "1.16"]
[White "Pfeffer, Josef"]
[Black "Volmer, Martin"]
[Result "0-1"]
[WhiteElo "1144"]
[BlackElo "1645"]
[PlyCount "74"]
[EventDate "2010.??.??"]

1. e4 c5 2. Be2 Nc6 3. Nf3 e6 4. d4 cxd4 5. Nxd4 Nf6 6. Nc3 Bb4 7. Nxc6 bxc6 8.
Bd2 O-O 9. O-O Bxc3 10. Bxc3 Nxe4 11. Qd4 Nxc3 12. Qxc3 d5 13. Qc5 Bb7 14. Rfd1
Re8 15. c4 Qb6 16. Qxb6 axb6 17. b3 Ra7 18. Rd2 c5 19. Bf3 d4 20. Bxb7 Rxb7 21.
Re1 e5 22. f3 f5 23. Rde2 Rbe7 24. g3 e4 25. fxe4 Rxe4 26. Rxe4 fxe4 27. Kf2
Rf8+ 28. Ke2 e3 29. Kd3 Rf2 30. Re2 Rxe2 31. Kxe2 Kf7 32. Kd3 Ke6 33. h4 Kf5
34. a3 Kg4 35. b4 Kf3 36. a4 e2 37. a5 e1=Q 0-1

[Event "FSV-ch 2010"]
[Site "Dortmund"]
[Date "2010.04.15"]
[Round "1.17"]
[White "Weischer, Wolfgang"]
[Black "Da Costa, Pablo"]
[Result "1-0"]
[WhiteElo "1598"]
[BlackElo "1109"]
[PlyCount "73"]
[EventDate "2010.??.??"]

1. g3 d5 2. b4 Nf6 3. Bg2 Bf5 4. Bb2 e6 5. b5 g6 6. c4 c6 7. Qb3 Bg7 8. Nf3
Nbd7 9. d3 O-O 10. h3 Qb6 11. g4 Bxg4 12. hxg4 Nxg4 13. e3 Nc5 14. Bxg7 Nxb3
15. axb3 Kxg7 16. Nc3 Qc5 17. Ra4 f5 18. d4 Qb6 19. c5 Qc7 20. Bh3 b6 21. Bxg4
fxg4 22. Ng5 Qe7 23. Rxh7+ Kf6 24. Rxe7 Kxe7 25. Ke2 Rf5 26. f4 gxf3+ 27. Nxf3
Rff8 28. Ne5 Rfc8 29. Nxc6+ Kf6 30. b4 bxc5 31. bxc5 g5 32. Nxa7 Rc7 33. b6 Rh7
34. Ra1 e5 35. Nxd5+ Kf5 36. Rf1+ Ke4 37. Nf6# 1-0

[Event "FSV-ch 2010"]
[Site "Dortmund"]
[Date "2010.04.15"]
[Round "1.18"]
[White "Wangrin, Stefan A"]
[Black "Dite, Alexander"]
[Result "0-1"]
[WhiteElo "1077"]
[BlackElo "1598"]
[PlyCount "52"]
[EventDate "2010.??.??"]

1. e4 c5 2. Nf3 d6 3. Bc4 e6 4. Nc3 Nf6 5. d3 Be7 6. d4 cxd4 7. Nxd4 O-O 8. O-O
a6 9. a4 Bd7 10. Re1 Qc7 11. Ba2 Nc6 12. Nxc6 Bxc6 13. Bb1 Rac8 14. f3 Rfd8 15.
Qe2 Nd7 16. Nd1 Bf6 17. c3 d5 18. Qc2 dxe4 19. fxe4 Ne5 20. Nf2 g6 21. Qe2 Bg7
22. Kh1 Qe7 23. Ng4 Qh4 24. h3 Nxg4 25. Qxg4 Qxe1+ 26. Kh2 Qxc1 0-1

[Event "FSV-ch 2010"]
[Site "Dortmund"]
[Date "2010.04.15"]
[Round "1.19"]
[White "Dieckmann, Rudolf"]
[Black "Rabe, Mark"]
[Result "1-0"]
[WhiteElo "1566"]
[BlackElo "982"]
[PlyCount "57"]
[EventDate "2010.??.??"]

1. d4 d5 2. c4 e6 3. Nc3 Be7 4. cxd5 exd5 5. g3 c6 6. Bg2 Nf6 7. Nf3 Ne4 8. O-O
O-O 9. Ne5 Nxc3 10. bxc3 Nd7 11. f4 f5 12. a4 a5 13. Rb1 Nf6 14. c4 Ra7 15. Bb2
Be6 16. c5 Qe8 17. e3 Qh5 18. Bf3 Ng4 19. Qe2 Qh3 20. Nxg4 fxg4 21. Bg2 Qh6 22.
e4 Bd8 23. f5 Bd7 24. Bc1 Bg5 25. exd5 Re8 26. Qxg4 Bxc1 27. Rbxc1 Qe3+ 28. Kh1
Qxd4 29. Qxd4 1-0

[Event "FSV-ch 2010"]
[Site "Dortmund"]
[Date "2010.04.15"]
[Round "1.20"]
[White "Böckmann, Lieselotte"]
[Black "Benke, Werner"]
[Result "0-1"]
[WhiteElo "927"]
[BlackElo "1552"]
[PlyCount "66"]
[EventDate "2010.??.??"]

1. d4 d5 2. c4 e6 3. e3 Nf6 4. Nf3 Be7 5. Bd3 O-O 6. O-O Nbd7 7. Nc3 a6 8. a3
dxc4 9. Bxc4 b5 10. Bd3 Bb7 11. e4 c5 12. d5 exd5 13. Nxd5 Nxd5 14. exd5 Nf6
15. Bg5 Qxd5 16. Bxf6 Bxf6 17. Re1 Rad8 18. Re3 c4 19. Bxh7+ Kxh7 20. Qxd5 Rxd5
21. Rae1 Rfd8 22. h4 Bxb2 23. Re7 R8d7 24. Ng5+ Kg6 25. Nf3 Rd1 26. Ne5+ Bxe5
27. R7xe5 Rxe1+ 28. Rxe1 c3 29. Re5 Rd1+ 30. Kh2 c2 31. Rc5 c1=Q 32. Rxc1 Rxc1
33. g3 Rh1# 0-1

[Event "FSV-ch 2010"]
[Site "Dortmund"]
[Date "2010.04.15"]
[Round "1.21"]
[White "Baier, Jörg"]
[Black "Riepe, Markus"]
[Result "1-0"]
[WhiteElo "1541"]
[BlackElo "828"]
[PlyCount "89"]
[EventDate "2010.??.??"]

1. d4 Nf6 2. Nf3 e6 3. c4 d5 4. Nc3 c6 5. cxd5 Nxd5 6. e4 Nxc3 7. bxc3 c5 8.
Bb5+ Bd7 9. Qb3 Qa5 10. Bxd7+ Nxd7 11. O-O Rc8 12. Bd2 c4 13. Qxb7 Rb8 14. Qc6
Rb2 15. Ne5 Qd8 16. Nxc4 $2 {Weiss steht zwar auch nach d-i-e-s-e-m Zug auf
Gewinn, doch der Bauernraub ist alles andere als logisch, bedenkt man, dass
Schwarz ohne seine schuetzende Dame praktisch auf Matt stuende! Was also liegt
naeher als ein Versuch, die Dame auf d8 abzulenken?!} (16. Rfb1 $1 Rb6 (16...
Rxd2 $4 17. Rb8 $1 {nebst} 17... -- 18. Qxd7#) 17. Rxb6 axb6 18. d5 $1 {
mit schnell entscheidender Oeffnung der Stellung.}) 16... Rb8 17. Ne5 Rc8 18.
Qxd7+ Qxd7 19. Nxd7 Kxd7 20. Rab1 Be7 21. Rb7+ Rc7 22. Rfb1 f5 23. e5 $6 {
Die Regel, dass Bauern nicht auf die Farbe des eigenen Laeufers gehoeren,
kennt Ausnahmen. Hier liegt eine solche Ausnahme nur vor, wenn man erkennt,
dass Weiss nicht an c3-c4 nebst d4-d5 gehindert werdenkann!} ({Von einem schema
tischen Standpunkt aus betrachtet, waere es besser, e4-e5 erst nach
vorangehendem Laeufertausch zu spielen, z.B} 23. Bf4 Bd6 24. Bxd6 Kxd6 25. e5+
Kc6 26. Rxc7+ Kxc7 27. Kf1 {und Weiss gewaenne bequem, da er die einzige
offene Linie kontrolliert und sein Koenig rechtzeitig zur Unterstuetzung
seiner zentralen Bauernphalanx eintrifft.}) 23... g5 24. Kf1 h5 25. Ke2 g4 26.
c4 $1 h4 27. Ba5 $1 {Weiterer Materialverlust ist nun nicht mehr zu vermeiden.
Schwarz koennte getrost auch aufgeben ...} 27... Rxb7 28. Rxb7+ Kc6 29. Rxe7
Rc8 30. Rxe6+ Kd7 31. Rd6+ Ke7 32. Kd3 h3 33. g3 Rb8 34. Rf6 Rb1 35. Rxf5 Rh1
36. Rf4 Rxh2 37. Rxg4 Rxf2 38. Ke3 Rxa2 39. Bd2 a5 40. Rh4 Ke6 41. Rxh3 Ra3+
42. Ke4 a4 43. d5+ {Kein besonders aesthetischer Abschluss!} (43. Rh7 $1 {
mit unparierbarer Mattdrohung.}) 43... Kd7 44. e6+ Kd6 45. Bb4+ 1-0

[Event "FSV-ch 2010"]
[Site "Dortmund"]
[Date "2010.04.15"]
[Round "1.22"]
[White "Wilkins, Petra"]
[Black "Gerke, Dieter"]
[Result "0-1"]
[WhiteElo "779"]
[BlackElo "1503"]
[PlyCount "64"]
[EventDate "2010.??.??"]

1. d4 Nf6 2. e3 g6 3. Bd3 Bg7 4. Nf3 d6 5. c4 O-O 6. O-O Bg4 7. h3 Bxf3 8. Qxf3
Nc6 9. Bd2 Qd7 10. a3 a5 11. Nc3 a4 12. Nd5 Nxd5 13. cxd5 Na5 14. Bxa5 Rxa5 15.
Rac1 b6 16. Qe2 Rxd5 17. Qc2 c5 18. Qc4 Rh5 19. Qb5 Qxb5 20. Bxb5 cxd4 21. Bxa4
dxe3 22. fxe3 Bxb2 23. Rc7 b5 24. Rb1 Bxa3 25. Bxb5 Rb8 26. Rb3 Rhxb5 27. Rxb5
Rxb5 28. Rxe7 Re5 29. Ra7 Bc5 30. Ra8+ Kg7 31. Kf2 Rxe3 32. g3 Ra3+ 0-1

[Event "FSV-ch 2010"]
[Site "Dortmund"]
[Date "2010.04.15"]
[Round "1.23"]
[White "Reinacher, Detlev"]
[Black "Reker, Gerhard"]
[Result "1-0"]
[WhiteElo "1502"]
[BlackElo "761"]
[PlyCount "65"]
[EventDate "2010.??.??"]

1. d4 e6 2. c4 d6 3. Nc3 Nf6 4. e4 Nc6 5. Nf3 e5 6. d5 Nb4 7. a3 Na6 8. h3 Nc5
9. Qc2 Bd7 10. b4 Na6 11. Bd3 b6 12. O-O c5 13. b5 Nc7 14. Bb2 a5 15. bxa6 Nxa6
16. Nb5 Bxb5 17. cxb5 Nc7 18. a4 Be7 19. Nd2 O-O 20. Nc4 Rb8 21. Bc1 Nh5 22.
Rb1 Bg5 23. a5 bxa5 24. Nxa5 Qf6 25. b6 Ne8 26. Nc6 Rb7 27. Ba6 Rd7 28. b7 Nc7
29. Be2 Nf4 30. Bxf4 exf4 31. b8=Q Na6 32. Bxa6 Rxb8 33. Rxb8+ 1-0

[Event "FSV-ch 2010"]
[Site "Dortmund"]
[Date "2010.04.15"]
[Round "1.24"]
[White "Saparantzki, Christian"]
[Black "Völler, Lothar"]
[Result "0-1"]
[WhiteElo "758"]
[BlackElo "1500"]
[PlyCount "66"]
[EventDate "2010.??.??"]

1. d4 d5 2. e3 g6 3. Nc3 c6 4. Nf3 Bg7 5. Be2 Nf6 6. O-O O-O 7. Bd3 b6 8. e4
dxe4 9. Nxe4 Ba6 10. Re1 Bxd3 11. Qxd3 Nbd7 12. Ne5 Rc8 13. Bg5 Nxe4 14. Rxe4
Nxe5 15. dxe5 Qxd3 16. cxd3 f6 17. exf6 exf6 18. Bf4 Rf7 19. Rae1 h5 20. Re8+
Rxe8 21. Rxe8+ Kh7 22. h4 Rd7 23. Re6 c5 24. Bb8 f5 25. b3 Bd4 26. g3 Kg7 27.
Kg2 Kf7 28. Rd6 Rb7 29. Rd8 a6 30. Bd6 Ke6 31. f4 Rd7 32. Rxd7 Kxd7 33. Bf8 Kc6
{Weiss steht nicht gut. Warum er allerdings an dieser Stelle aufgab, bleibt
unverstaendlich (Zeitueberschreitung?) ...} 0-1

[Event "FSV-ch 2010"]
[Site "Dortmund"]
[Date "2010.04.15"]
[Round "1.25"]
[White "Rzoczek, Christoph"]
[Black "Stabi, Sabrina"]
[Result "1-0"]
[WhiteElo "1497"]
[BlackElo "740"]
[PlyCount "31"]
[EventDate "2010.??.??"]

1. e4 e5 2. d4 d6 3. Nf3 Nf6 4. Bg5 Be7 5. Nbd2 O-O 6. Bc4 Bd7 7. O-O c6 8.
dxe5 dxe5 9. Nxe5 Be8 10. f4 Nbd7 11. Qe2 Qb6+ 12. Kh1 Qc5 13. Nd3 Qb6 14. e5
Nd5 15. Bxd5 cxd5 16. Bxe7 1-0

[Event "FSV-ch 2010"]
[Site "Dortmund"]
[Date "2010.04.22"]
[Round "2.1"]
[White "Lindam, Ingo"]
[Black "Bommert, Christian"]
[Result "1-0"]
[WhiteElo "2068"]
[BlackElo "1682"]
[PlyCount "45"]
[EventDate "2010.??.??"]

1. d4 f5 2. e4 fxe4 3. Nc3 Nf6 4. Bg5 Nc6 5. d5 Ne5 6. Qe2 Nf7 7. h4 g6 8. Bxf6
exf6 9. Nxe4 Bg7 10. Nxf6+ Kf8 11. Ne4 Bxb2 12. Rb1 Be5 13. Nf3 d6 14. Nxe5
Nxe5 15. Qd2 h6 16. h5 g5 17. f4 Nf7 18. fxg5 Nxg5 19. Bd3 Nxe4 20. Bxe4 Qg5
21. O-O+ Ke7 22. Qc3 Bd7 23. Rbe1 1-0

[Event "FSV-ch 2010"]
[Site "Dortmund"]
[Date "2010.04.22"]
[Round "2.2"]
[White "Campana, Rafael"]
[Black "Zelt, Jens"]
[Result "0-1"]
[WhiteElo "1664"]
[BlackElo "2011"]
[PlyCount "70"]
[EventDate "2010.??.??"]

1. e4 c5 2. Nf3 d6 3. d4 cxd4 4. Nxd4 Nf6 5. Nc3 a6 6. Be2 g6 7. Be3 Nbd7 8.
Qd2 b5 9. f3 Bb7 10. a3 Rc8 11. O-O Bg7 12. Rad1 O-O 13. Qe1 Qc7 14. Kh1 Nb6
15. Qh4 Nc4 16. Bc1 Nxa3 17. g4 b4 18. Bh6 Nxc2 19. Nf5 gxf5 20. Qg5 Ne8 21.
Nd5 Bxd5 22. Rxd5 f6 23. Qh5 e6 24. Rd3 fxe4 25. fxe4 Qf7 26. Qh3 Bxh6 27. Qxh6
Qg6 28. Qf4 e5 29. Qf5 Qxf5 30. gxf5 Rc7 31. Rg3+ Rg7 32. Rxg7+ Kxg7 33. Bxa6
Rf7 34. Rf2 Rc7 35. h3 Nd4 0-1

[Event "FSV-ch 2010"]
[Site "Dortmund"]
[Date "2010.04.22"]
[Round "2.3"]
[White "Borjini, Mohamed"]
[Black "Weischer, Wolfgang"]
[Result "1-0"]
[WhiteElo "1979"]
[BlackElo "1598"]
[PlyCount "55"]
[EventDate "2010.??.??"]

1. d4 e5 2. dxe5 f6 3. exf6 Nxf6 4. Nf3 Bc5 5. g3 Ne4 6. e3 d5 7. Bg2 Bg4 8. h3
Bh5 9. g4 Bg6 10. Ne5 Qf6 11. Nf3 Nc6 12. O-O O-O-O {(=)} 13. c3 Ne5 14. Nxe5
Qxe5 15. b4 Bd6 16. f4 Qf6 17. Bb2 Bxb4 18. g5 Qb6 19. Qg4+ Kb8 20. cxb4 Qxe3+
21. Kh2 Bh5 22. Qxh5 Qg3+ 23. Kh1 Nf2+ 24. Kg1 g6 25. Qh6 Nd3 26. Bxh8 Re8 27.
Nc3 Nxf4 28. Rxf4 1-0

[Event "FSV-ch 2010"]
[Site "Dortmund"]
[Date "2010.04.22"]
[Round "2.4"]
[White "Volmer, Martin"]
[Black "Begna, Bozidar"]
[Result "0-1"]
[WhiteElo "1645"]
[BlackElo "1978"]
[PlyCount "88"]
[EventDate "2010.??.??"]

1. d4 d6 2. c4 e5 3. Nf3 Nd7 4. Nc3 Ngf6 5. Bg5 Be7 6. e3 c6 7. Be2 Qc7 8. Rc1
b6 9. O-O O-O 10. b4 a5 11. b5 c5 12. dxe5 dxe5 13. Qc2 Re8 14. Rfd1 Bb7 15.
Nd2 h6 16. Bxf6 Nxf6 17. Bf3 Rad8 18. Bxb7 Qxb7 19. Nde4 g6 20. Nxf6+ Bxf6 21.
Nd5 Bg7 22. Rd2 e4 23. Rcd1 Kh7 24. Nc3 Rxd2 25. Rxd2 Bxc3 26. Qxc3 Qe7 27. Rd5
Kg8 28. Qd2 Qf6 29. h3 Re6 30. Rd8+ Kg7 31. Kh2 h5 32. g3 h4 33. g4 a4 34. Rd5
a3 35. Kg2 Qf3+ 36. Kh2 Qf6 37. Rd8 Qb2 38. Qxb2+ axb2 39. Rd1 Rd6 40. Rb1 Rd2
41. Kg2 Kf6 42. a4 Ke5 43. Kf1 Rc2 44. Kg2 f6 {Zugzwang! Weiss gab auf ...} 0-1